00394cam a2200145u 4500008004100000100001400041245004600055260005000101300002700151500002000178650002300198003000100221005001700222040000900239 1 aMee, A.J.10aHigher chemical calculations /cA.J. Mee. aLondon :bJ. M. Dent and Sons Limited,c1940. aviii, 184 p. ;c19 cm. aIncludes index. 0aChemistryvTables.20230123134413.0 cNUST